000 01155nam a2200289 a 4500
001 ebr10442986
003 CaPaEBR
006 m u
007 cr cn|||||||||
008 110223s2009 enka s 001 0 eng d
020 _z9781847192998
020 _z9781847193001 (e-book)
040 _aCaPaEBR
_cCaPaEBR
035 _a(OCoLC)324806128
050 1 4 _aTK5105.8865
_b.G37 2009eb
100 1 _aGarrison, Kerry.
245 1 0 _aTrixbox CE 2.6
_h[electronic resource] :
_bimplementing, managing, and maintaining an Asterisk-based telephony system /
_cKerry Garrison.
260 _aBirmingham, U.K. :
_bPackt Pub.,
_c2009.
300 _aix, 322 p. :
_bill. (some col.)
500 _aIncludes index.
533 _aElectronic reproduction.
_bPalo Alto, Calif. :
_cebrary,
_d2011.
_nAvailable via World Wide Web.
_nAccess may be limited to ebrary affiliated libraries.
630 0 0 _aAsterisk (Computer file)
650 0 _aInternet telephony.
655 7 _aElectronic books.
_2local
710 2 _aebrary, Inc.
856 4 0 _uhttp://site.ebrary.com/lib/rucke/Doc?id=10442986
_zAn electronic book accessible through the World Wide Web; click to view
999 _c135593
_d135593